Diario de viajes y escritos políticos / (Record no. 104789)
[ view plain ]
| 000 -LEADER | |
|---|---|
| campo de control de longitud fija | 00972nam a2200253 i 4500 |
| 001 - NÚMERO DE CONTROL | |
| campo de control | 104789 |
| 003 - IDENTIFICADOR DE NÚMERO DE CONTROL | |
| campo de control | ES-MaACL |
| 005 - FECHA Y HORA DE LA ÚLTIMA TRANSACCIÓN | |
| campo de control | 20251005063104.0 |
| 007 - CAMPO FIJO DE DESCRIPCIÓN FÍSICA--INFORMACIÓN GENERAL | |
| campo de control de longitud fija | t| |
| 008 - DATOS DE LONGITUD FIJA--INFORMACIÓN GENERAL | |
| campo de control de longitud fija | 051212s1977 sp |||| |bspa d |
| 020 ## - NÚMERO INTERNACIONAL ESTÁNDAR DEL LIBRO | |
| Número Internacional Estándar del Libro | 84-276-0374-6 |
| 080 ## - NÚMERO DE LA CLASIFICACIÓN DECIMAL UNIVERSAL | |
| Número de la Clasificación Decimal Universal | 929 Miranda, Francisco de:32 |
| 080 ## - NÚMERO DE LA CLASIFICACIÓN DECIMAL UNIVERSAL | |
| Número de la Clasificación Decimal Universal | 910.4"18" |
| 100 1# - ENTRADA PRINCIPAL--NOMBRE DE PERSONA | |
| Nombre de persona | Miranda, Francisco de, |
| Fechas asociadas al nombre | 1750-1816 |
| 9 (RLIN) | 81520 |
| 245 10 - MENCIÓN DEL TÍTULO | |
| Título | Diario de viajes y escritos políticos / |
| Mención de responsabilidad, etc. | Francisco de Miranda ; edición preparada por Mario H. Sánchez-Barba. |
| 260 ## - PUBLICACIÓN, DISTRIBUCIÓN, ETC. | |
| Lugar de publicación, distribución, etc. | Madrid : |
| Nombre del editor, distribuidor, etc. | Editora Nacional, |
| Fecha de publicación, distribución, etc. | [1977] |
| 300 ## - DESCRIPCIÓN FÍSICA | |
| Extensión | 389 p. ; |
| Dimensiones | 18 cm. |
| 490 1# - MENCIÓN DE SERIE | |
| Mención de serie | Biblioteca de la literatura y el pensamiento hispánico. H ; |
| Designación de volumen o secuencia | 18 |
| 600 17 - PUNTO DE ACCESO ADICIONAL DE MATERIA--NOMBRE DE PERSONA | |
| Nombre de persona | Miranda, Francisco de, |
| Fechas asociadas al nombre | 1750-1816- |
| Subdivisión general | Pensamiento político |
| Fuente del encabezamiento o término | |
| 9 (RLIN) | 149196 |
| 700 1# - ENTRADA AGREGADA--NOMBRE PERSONAL | |
| Nombre de persona | Hernández Sánchez-Barba, Mario, |
| Fechas asociadas al nombre | 1925-2021 |
| 9 (RLIN) | 63053 |
| 830 1# - PUNTO DE ACCESO ADICIONAL DE SERIE-TÍTULO UNIFORME | |
| Título uniforme | Biblioteca de la literatura y el pensamiento hispánico. H ; |
| Designación de volumen o secuencia | 18 |
| 9 (RLIN) | 232651 |
| 852 ## - LOCALIZACIÓN | |
| Ubicación | ES-MaACL |
| Número de control de estantería | A-6827 |
| Estatus retirado | Estado de pérdida | Estado de daño | No para préstamo | Biblioteca de origen | Biblioteca actual | Ubicación en estantería | Fecha de adquisición | Fuente de adquisición | Total de préstamos | Signatura topográfica completa | Código de barras | Visto por última vez | Precio de reemplazo | Tipo de ítem Koha |
|---|---|---|---|---|---|---|---|---|---|---|---|---|---|---|
| Biblioteca del Ateneo de Madrid | Biblioteca del Ateneo de Madrid | Sala Pecera Planta 1 | 17/01/2008 | A-6827 | 1109402 | 23/02/2023 | 23/02/2023 | Libro impreso |
